Largest Cities In Queensland - Statistics

General Stats
  • This quiz has been taken 16 times
    9 since last reset
  • The average score is 20 of 40
Answer Stats
Population City % Correct
2.6M Brisbane
100%
50K Bundaberg
100%
160K Cairns
100%
753K Gold Coast
100%
22K Mt Isa
100%
84K Rockhampton
100%
376K Sunshine Coast
100%
106K Toowoomba
100%
36K Gladstone
86%
58K Gympie
86%
140K Mackay
86%
18K Maryborough
86%
190K Townsville
86%
6.9K Emerald
71%
65K Hervey Bay
71%
21K Yeppoon
57%
9.7K Beaudesert
43%
3K Charleville
43%
7.2K Chinchilla
43%
3.8K Cloncurry
43%
13K Dalby
43%
3.7K Longreach
43%
7.1K Roma
43%
4.2K Weipa
43%
12K Charters Towers
29%
10K Goondiwindi
29%
1.8K Miles
29%
10K Moranbah
29%
12K Sarina
29%
3.1K St George
29%
16K Warwick
29%
2.9K Barcaldine
14%
1.4K Blackall
14%
11K Bowen
14%
22K Nambour
14%
2.5K Boonah
0%
6.7K Gatton
0%
11K Kingaroy
0%
3.6K Nanango
0%
3.7K Proserpine
0%
No matching quizzes found
Score Distribution
Percent of People with Each Score
Percentile by Number Answered
Your Score History
You have not taken this quiz since the last reset